Taylor Swift mystery lyrics #18 - Statistics

General Stats
  • This quiz has been taken 113 times
    102 since last reset
  • The average score is 129 of 194
Answer Stats
Answer % Correct
I
100%
a
97%
you
94%
You
94%
the
92%
it
90%
and
89%
And
89%
be
89%
is
89%
to
88%
we
88%
We
88%
love
86%
Love
86%
me
86%
in
85%
your
85%
of
82%
all
81%
go
81%
this
81%
This
81%
are
79%
my
79%
were
79%
I'll
78%
I'm
78%
So
78%
You're
78%
like
75%
don't
72%
never
72%
know
68%
but
67%
good
67%
time
67%
I've
65%
just
65%
Just
65%
with
63%
saw
61%
Up
60%
game
56%
same
56%
grace
54%
Now
54%
or
54%
our
54%
right
54%
state
54%
loved
53%
These
53%
eyes
51%
fall
51%
play
51%
touch
51%
coming
50%
let
50%
room
50%
alone
49%
blue
47%
hands
47%
ruthless
47%
fight
46%
live
46%
broken
44%
hearts
44%
through
44%
unless
44%
worthwhile
44%
wrong
44%
hurts
43%
saint
43%
come
42%
heel
42%
lights
42%
real
42%
'til
42%
Achilles
40%
Busy
40%
busy
40%
fast
40%
shades
40%
traffic
40%
walking
40%
changing
39%
four
39%
something
39%
streets
39%
fades
38%
twin
38%
wild
38%
age
35%
bleeds
35%
fate
35%
fire
35%
golden
35%
lives
35%
minds
35%
pain
35%
armor
32%
around
32%
learn
32%
cannonball
31%
signs
31%
clean
29%
Pierce
29%
falls
28%
Mosaic
26%
brave
24%
slates
22%
No matching quizzes found
Score Distribution
Percent of People with Each Score
Percentile by Number Answered
Your Score History
You have not taken this quiz since the last reset